| 000 | 00681nam a22001937a 4500 | ||
|---|---|---|---|
| 999 |
_c165464 _d165464 |
||
| 005 | 20190618163648.0 | ||
| 010 | _aENG-125669 | ||
| 020 |
_a9789388398961 _c500.00 |
||
| 035 | _aEN-109201 | ||
| 037 | _bDBAD/PUB | ||
| 082 | _a332.109 | ||
| 100 | _aGanesh Kumar | ||
| 245 |
_aFinancial inclusion for inclusive growth / _cby Ganesh Kumar [and] C. Paramasivan |
||
| 260 |
_aChennai _bShanlax Publications _c2019 |
||
| 270 |
_a61, 66 T.P.K. Main Road _bVasantha Nagar, Madurai _e625003 _k0452-4208765, 7639303383 _mpublisher@shanlaxpublications.com |
||
| 300 |
_a83p; _c22cm(pbk) |
||
| 500 | _aIncludes bibliographical references | ||
| 942 |
_2ddc _cEN _h332.109 _mGAN |
||